000 00384nam a2200169Ia 4500
001 12978
003 IN-NITTTR
005 20251114233121.0
008 251113s9999||||xx |||||||||||||| ||eng||
040 _beng
040 _cIN-NITTTR
041 _aeng
082 _a651 H246T
100 _aHarrison, John
245 0 _aTeaching office practice /
_cHarrison, John
942 _2ddc
_cBK
999 _c15614
_d15614